<?xml version="1.0" encoding="UTF-8"?><?xml-stylesheet type="text/xsl" href="static/style.xsl"?><OAI-PMH xmlns="http://www.openarchives.org/OAI/2.0/" xmlns:xsi="http://www.w3.org/2001/XMLSchema-instance" xsi:schemaLocation="http://www.openarchives.org/OAI/2.0/ http://www.openarchives.org/OAI/2.0/OAI-PMH.xsd"><responseDate>2026-04-26T23:30:34Z</responseDate><request verb="GetRecord" identifier="oai:repisalud.isciii.es:20.500.12105/16864" metadataPrefix="marc">https://repisalud.isciii.es/rest/oai/request</request><GetRecord><record><header><identifier>oai:repisalud.isciii.es:20.500.12105/16864</identifier><datestamp>2024-09-28T02:33:38Z</datestamp><setSpec>com_20.500.12105_2052</setSpec><setSpec>com_20.500.12105_2051</setSpec><setSpec>col_20.500.12105_19618</setSpec></header><metadata><record xmlns="http://www.loc.gov/MARC21/slim" xmlns:dcterms="http://purl.org/dc/terms/" xmlns:doc="http://www.lyncode.com/xoai" xmlns:xsi="http://www.w3.org/2001/XMLSchema-instance" xsi:schemaLocation="http://www.loc.gov/MARC21/slim http://www.loc.gov/standards/marcxml/schema/MARC21slim.xsd">
   <leader>00925njm 22002777a 4500</leader>
   <datafield ind2=" " ind1=" " tag="042">
      <subfield code="a">dc</subfield>
   </datafield>
   <datafield ind2=" " ind1=" " tag="720">
      <subfield code="a">Ramírez-Torres, Carmen Amaia</subfield>
      <subfield code="e">author</subfield>
   </datafield>
   <datafield ind2=" " ind1=" " tag="720">
      <subfield code="a">Rivera-Sanz, Félix</subfield>
      <subfield code="e">author</subfield>
   </datafield>
   <datafield ind2=" " ind1=" " tag="720">
      <subfield code="a">Sufrate-Sorzano, Teresa</subfield>
      <subfield code="e">author</subfield>
   </datafield>
   <datafield ind2=" " ind1=" " tag="720">
      <subfield code="a">Pedraz-Marcos, Azucena</subfield>
      <subfield code="e">author</subfield>
   </datafield>
   <datafield ind2=" " ind1=" " tag="720">
      <subfield code="a">Santolalla-Arnedo, Ivan</subfield>
      <subfield code="e">author</subfield>
   </datafield>
   <datafield ind2=" " ind1=" " tag="260">
      <subfield code="c">2023-01-10</subfield>
   </datafield>
   <datafield ind2=" " ind1=" " tag="520">
      <subfield code="a">Background: The increase in admissions to intensive care units (ICUs) in 2020 and the morbidity and mortality associated with SARS-CoV-2 infection pose a challenge to the analysis of evidence of health interventions carried out in ICUs. One of the most common interventions in patients infected with the virus and admitted to ICUs is endotracheal aspiration. Endotracheal suctioning has also been considered one of the most contaminating interventions. Objective: This review aims to analyze the benefits and risks of endotracheal suctioning using closed suction systems (CSS) in COVID-19 patients. Methods: A rapid review was carried out using the following databases: PubMed, MEDLINE, CINAHL, LILACS, the Cochrane Library, and IBECS. The data search included articles in English and Spanish, published between 2010 and 2020, concerning adult patients, and using the key words "endotracheal," "suction," and "closed system." Results: A total of 15 articles were included. The benefits and risks were divided into 3 categories: patient, care, and organization. Relating to the patient, we found differences in cardiorespiratory variables and changes in the ventilator, for example, improvement in patients with elevated positive and end-expiratory pressure due to maladaptation and alveolar collapse. Relating to care, we found a shorter suctioning time, by up to 1 minute. Relating to organization, we found fewer microorganisms on staff gloves. Other conflicting results between studies were related to ventilator-associated pneumonia, bacterial colonization, or mortality. Conclusions: Aside from the need for quality research comparing open suction systems and CSS as used to treat COVID-19 patients, closed endotracheal suctioning has benefits in terms of shorter stay in the ICU and reduced environmental contamination, preventing ventilator disconnection from the patient, reducing the suctioning time-though it does produce the greatest number of mucosal occlusions-and preventing interpatient and patient-staff environmental contamination. New evidence in the context of the SARS-CoV-2 virus is required in order to compare results and establish new guidelines.</subfield>
   </datafield>
   <datafield ind1="8" ind2=" " tag="024">
      <subfield code="a">Interact J Med Res. 2023 Jan 10:12:e42549.</subfield>
   </datafield>
   <datafield ind1="8" ind2=" " tag="024">
      <subfield code="a">1929-073X</subfield>
   </datafield>
   <datafield ind1="8" ind2=" " tag="024">
      <subfield code="a">http://hdl.handle.net/20.500.12105/16864</subfield>
   </datafield>
   <datafield ind1="8" ind2=" " tag="024">
      <subfield code="a">36548950</subfield>
   </datafield>
   <datafield ind1="8" ind2=" " tag="024">
      <subfield code="a">10.2196/42549</subfield>
   </datafield>
   <datafield ind1="8" ind2=" " tag="024">
      <subfield code="a">Interactive journal of medical research</subfield>
   </datafield>
   <datafield tag="653" ind2=" " ind1=" ">
      <subfield code="a">COVID-19</subfield>
   </datafield>
   <datafield tag="653" ind2=" " ind1=" ">
      <subfield code="a">Closed suction system</subfield>
   </datafield>
   <datafield tag="653" ind2=" " ind1=" ">
      <subfield code="a">Endotracheal</subfield>
   </datafield>
   <datafield tag="653" ind2=" " ind1=" ">
      <subfield code="a">Endotracheal suctioning</subfield>
   </datafield>
   <datafield tag="653" ind2=" " ind1=" ">
      <subfield code="a">Health benefit</subfield>
   </datafield>
   <datafield tag="653" ind2=" " ind1=" ">
      <subfield code="a">Health intervention</subfield>
   </datafield>
   <datafield tag="653" ind2=" " ind1=" ">
      <subfield code="a">Healthcare</subfield>
   </datafield>
   <datafield tag="653" ind2=" " ind1=" ">
      <subfield code="a">Intensive care unit</subfield>
   </datafield>
   <datafield tag="653" ind2=" " ind1=" ">
      <subfield code="a">Mechanical ventilation</subfield>
   </datafield>
   <datafield tag="653" ind2=" " ind1=" ">
      <subfield code="a">Patient care</subfield>
   </datafield>
   <datafield tag="653" ind2=" " ind1=" ">
      <subfield code="a">Rapid review</subfield>
   </datafield>
   <datafield tag="653" ind2=" " ind1=" ">
      <subfield code="a">Suction</subfield>
   </datafield>
   <datafield tag="653" ind2=" " ind1=" ">
      <subfield code="a">Ventilator</subfield>
   </datafield>
   <datafield ind2="0" ind1="0" tag="245">
      <subfield code="a">Closed Endotracheal Suction Systems for COVID-19: Rapid Review</subfield>
   </datafield>
</record></metadata></record></GetRecord></OAI-PMH>